[Event "GAMMA Reykjavik Open 2019"]
[Site "Reykjavik ISL"]
[Date "2019.04.08"]
[Round "1.64"]
[White "Schultze, Joerg-Martin"]
[Black "Ontiveros, John"]
[Result "1/2-1/2"]
[WhiteElo "2000"]
[BlackElo "1697"]
[WhiteFideId "12972070"]
[BlackFideId "2303981"]
[EventDate "2019.04.08"]

1. d4 Nf6 2. c4 g6 3. Nc3 Bg7 4. e4 d6 5. Be2 O-O 6. Be3 b6 7. Bf3 e5 8. d5 Nbd7
9. g4 Nc5 10. h4 Qd7 11. g5 Ng4 12. Bxg4 Qxg4 13. Qxg4 Bxg4 14. f3 Bh5 15. Bxc5
bxc5 16. O-O-O f5 17. Rf1 fxe4 18. Nxe4 Rf4 19. Kd2 Bxf3 20. Nxf3 Rxe4 21. b3
Rf8 22. Kd3 Ref4 23. Nd2 h6 24. Rxf4 Rxf4 25. Ne4 h5 26. Rh2 Kf7 27. Rf2 Ke7 28.
Rxf4 exf4 29. Ke2 Be5 30. Kf2 Kf7 1/2-1/2

[Event "GAMMA Reykjavik Open 2019"]
[Site "Reykjavik ISL"]
[Date "2019.04.08"]
[Round "1.66"]
[White "Mujacic, Haris"]
[Black "Muhr, Andreas"]
[Result "1-0"]
[WhiteElo "1992"]
[BlackElo "1686"]
[WhiteFideId "14408139"]
[BlackFideId "1619683"]
[EventDate "2019.04.08"]

1. d4 Nf6 2. Bf4 d6 3. Nc3 Nh5 4. Bd2 g6 5. e4 Bg7 6. Be3 O-O 7. Be2 Nf6 8. Nf3
Ne8 9. Qd2 a6 10. a4 e6 11. O-O Nc6 12. Rad1 Ne7 13. Rfe1 c6 14. b4 a5 15. b5 d5
16. e5 cxb5 17. Bxb5 Nc6 18. h4 Kh8 19. h5 Rg8 20. g3 Bf8 21. Kg2 Be7 22. hxg6
fxg6 23. Rh1 Ng7 24. Ng5 Bxg5 25. Bxg5 Qc7 26. Bf6 Rf8 27. Qh6 1-0

[Event "GAMMA Reykjavik Open 2019"]
[Site "Reykjavik ISL"]
[Date "2019.04.08"]
[Round "1.67"]
[White "Geirsson, Kristjan"]
[Black "Sigurbjornsson, Sigurjon"]
[Result "1-0"]
[WhiteElo "1679"]
[BlackElo "1986"]
[WhiteFideId "2313596"]
[BlackFideId "2302888"]
[EventDate "2019.04.08"]

1. e4 Nf6 2. e5 Nd5 3. c4 Nb6 4. d4 d6 5. exd6 cxd6 6. Nc3 g6 7. Be3 Bg7 8. Rc1
O-O 9. Be2 Nc6 10. Nf3 Bg4 11. b3 d5 12. c5 Nc8 13. h3 Bxf3 14. Bxf3 e6 15. O-O
a6 16. Qd2 Re8 17. Rb1 N8e7 18. b4 e5 19. Na4 exd4 20. Bf4 Ne5 21. Nb6 Nc4 22.
Nxc4 dxc4 23. Bxb7 Ra7 24. c6 Nd5 25. Bg3 Qb6 26. Bd6 Rxb7 27. cxb7 Qxb7 28.
Rfe1 Rd8 29. Bc5 Nc3 30. Rbc1 Ne4 31. Qf4 Nxc5 32. bxc5 Qd5 33. Re7 d3 34. Rd1
g5 35. Qe3 Kf8 36. c6 Qxc6 37. Qa7 Qd5 38. Rc7 Qe6 39. Qc5+ 1-0

[Event "GAMMA Reykjavik Open 2019"]
[Site "Reykjavik ISL"]
[Date "2019.04.08"]
[Round "1.69"]
[White "Hrafnsson, Hreinn"]
[Black "Thorsteinsdottir, Gudlaug"]
[Result "0-1"]
[BlackTitle "WFM"]
[WhiteElo "1659"]
[BlackElo "1984"]
[WhiteFideId "2304686"]
[BlackFideId "2300753"]
[EventDate "2019.04.08"]

1. e4 c5 2. Nf3 e6 3. d4 cxd4 4. Nxd4 a6 5. c3 Qc7 6. Be3 Nf6 7. Nd2 d5 8. Bd3
Bd6 9. h3 Nbd7 10. O-O Nc5 11. Qc2 O-O 12. Rfe1 dxe4 13. Nxe4 Nfxe4 14. Bxe4 f5
15. Bd3 Kh8 16. Nb3 Nxd3 17. Qxd3 f4 18. Bd2 f3 19. Nd4 Bh2+ 20. Kh1 fxg2+ 21.
Kxg2 b6 22. Nxe6 Bb7+ 23. Kf1 Qc6 24. Nxf8 Rxf8 25. Ke2 Qf6 26. Be3 Bf3+ 27. Kd2
b5 28. Bd4 Qh6+ 29. Kc2 Bh5 30. Be3 Qc6 31. Kd2 Qf3 32. a4 Bg6 33. Qe2 Qe4 34.
Rec1 Qd5+ 35. Ke1 Bh5 36. f3 Bg3+ 37. Kf1 Bxf3 38. Qd2 Qf5 39. Kg1 Qxh3 40. Qh2 0-1

[Event "GAMMA Reykjavik Open 2019"]
[Site "Reykjavik ISL"]
[Date "2019.04.08"]
[Round "1.70"]
[White "Green, Per"]
[Black "Hadzikaric, Mirsad"]
[Result "1/2-1/2"]
[WhiteElo "1979"]
[BlackElo "1646"]
[WhiteFideId "1703811"]
[BlackFideId "636568"]
[EventDate "2019.04.08"]

1. Nf3 b5 2. e4 Ba6 3. d4 Nf6 4. e5 Nd5 5. c3 e6 6. Qb3 b4 7. Bxa6 Nxa6 8. O-O
bxc3 9. Nxc3 Nxc3 10. Qxc3 Nb4 11. Bg5 Qb8 12. Rfd1 Nd5 13. Qc2 h6 14. Bh4 Be7
15. Bxe7 Kxe7 16. Qc5+ d6 17. Qc2 Qb6 18. b3 a5 19. Qc4 Qb4 20. a3 Qxc4 21. bxc4
Nc3 22. Rd3 Ne2+ 23. Kf1 Nf4 24. Rb3 Rhb8 25. Rab1 Rxb3 26. Rxb3 Kd7 27. g3 a4
28. Rb1 Ng6 29. exd6 Kxd6 30. Nd2 Ne7 31. Ne4+ Kc6 32. Nc3 Nf5 33. d5+ exd5 34.
cxd5+ Kc5 35. Rb7 Kc4 36. Rxc7+ Kb3 37. Nb5 Rb8 38. Rc3+ Kb2 39. Rc5 Rb6 40. Ke2
Nd6 41. Nxd6 Rxd6 42. Kd3 Kxa3 43. Rb5 Ka2 44. Ke4 f6 45. Rb7 g6 46. g4 a3 47.
h4 Ka1 48. h5 gxh5 49. gxh5 a2 50. Rb5 Ra6 51. f4 Ra4+ 52. Kf5 Rb4 1/2-1/2

[Event "GAMMA Reykjavik Open 2019"]
[Site "Reykjavik ISL"]
[Date "2019.04.08"]
[Round "1.71"]
[White "Aasen, Joakim"]
[Black "Kuehnemund, Lutz"]
[Result "1-0"]
[WhiteElo "1645"]
[BlackElo "1979"]
[WhiteFideId "1539078"]
[BlackFideId "24695890"]
[EventDate "2019.04.08"]

1. d4 Nf6 2. c4 g6 3. Nc3 d5 4. Nf3 Bg7 5. Qb3 dxc4 6. Qxc4 O-O 7. e4 c6 8. Be2
Be6 9. Qa4 Nbd7 10. O-O Nb6 11. Qc2 Bc4 12. Bxc4 Nxc4 13. b3 Nb6 14. Ba3 Rc8 15.
Rfd1 Re8 16. Qe2 e6 17. Rac1 Nh5 18. g3 f5 19. e5 Bf8 20. Bxf8 Rxf8 21. Ne1 Qg5
22. f3 Rcd8 23. Ng2 Rd7 24. f4 Qe7 25. Na4 Nxa4 26. bxa4 Rfd8 27. Qc4 Ng7 28.
Rc3 Rd5 29. Ne3 R5d7 30. a5 h6 31. a6 bxa6 32. Rcd3 g5 33. Qxc6 Rc7 34. Qxa6
gxf4 35. gxf4 Qh4 36. Ng2 Qg4 37. Rf1 Kh7 38. Rg3 Qe2 39. Qxe2 1-0

[Event "GAMMA Reykjavik Open 2019"]
[Site "Reykjavik ISL"]
[Date "2019.04.08"]
[Round "1.74"]
[White "Byrne, Alex"]
[Black "Steingrimsson, Karl Egill"]
[Result "1-0"]
[WhiteElo "1949"]
[BlackElo "1633"]
[WhiteFideId "2508788"]
[BlackFideId "2304791"]
[EventDate "2019.04.08"]

1. e4 d6 2. d4 Nf6 3. Nc3 g6 4. Be2 Bg7 5. Be3 a6 6. f4 e6 7. a4 O-O 8. Qd2 b6
9. Bf3 Bb7 10. O-O-O d5 11. e5 Ne4 12. Bxe4 dxe4 13. h4 b5 14. h5 bxa4 15. hxg6
fxg6 16. g4 a3 17. b3 a5 18. Qh2 h6 19. f5 exf5 20. Bxh6 e3 21. Bxg7 Bxh1 22.
Qh8+ Kf7 23. Qh7 Nd7 24. Bf6+ 1-0

[Event "GAMMA Reykjavik Open 2019"]
[Site "Reykjavik ISL"]
[Date "2019.04.08"]
[Round "1.75"]
[White "Melega, Michele"]
[Black "Oettel, Lothar"]
[Result "0-1"]
[WhiteElo "1631"]
[BlackElo "1945"]
[WhiteFideId "857742"]
[BlackFideId "24679852"]
[EventDate "2019.04.08"]

1. e4 c5 2. Nf3 e6 3. d4 cxd4 4. Nxd4 a6 5. Bc4 Qc7 6. Bb3 Nf6 7. f3 Nc6 8. Be3
d6 9. Nc3 Be7 10. Nxc6 bxc6 11. Qd2 Bb7 12. O-O-O O-O 13. g4 c5 14. g5 Nd7 15.
a3 Rad8 16. h4 c4 17. Ba2 f5 18. Qe2 Ne5 19. Bf4 fxe4 20. Bxe5 exf3 21. Qxc4
Qxc4 22. Bxc4 dxe5 23. Bxe6+ Kh8 24. Bd5 Bxd5 25. Nxd5 Bc5 26. b4 Bd4 27. Nc7 f2
28. Rhf1 Be3+ 29. Kb1 Rxd1+ 30. Rxd1 f1=Q 31. Rxf1 Rxf1+ 0-1

[Event "GAMMA Reykjavik Open 2019"]
[Site "Reykjavik ISL"]
[Date "2019.04.08"]
[Round "1.76"]
[White "Moller, Agnar T"]
[Black "Gardarsson, Hordur"]
[Result "1-0"]
[WhiteElo "1942"]
[BlackElo "1619"]
[WhiteFideId "2303469"]
[BlackFideId "2303604"]
[EventDate "2019.04.08"]

1. Nf3 d5 2. c4 c6 3. g3 Nf6 4. Bg2 g6 5. O-O Bg7 6. d4 O-O 7. Nc3 dxc4 8. a4 a5
9. e4 Na6 10. Qe2 Nb4 11. Qxc4 Be6 12. Qe2 h6 13. Rd1 Bb3 14. Rd2 Qc8 15. Ra3
Be6 16. Ne5 Rd8 17. Rd1 Bh3 18. Be3 Bxg2 19. Kxg2 e6 20. Nc4 Ra6 21. Rb3 Bf8 22.
Qf3 Ne8 23. Ne5 Qc7 24. Bf4 Qe7 25. Nc4 Nf6 26. Bd6 Rxd6 27. Nxd6 Qxd6 28. Qxf6
Bg7 29. Qf4 Qe7 30. Qb8+ Kh7 31. e5 Qd7 32. Kg1 h5 33. Qd6 Qxd6 34. exd6 Ra8 35.
Ne4 Rd8 36. Ng5+ Kg8 37. Rf3 Rd7 38. Ne4 b6 39. Ng5 Bf8 40. Ne4 f5 1-0

[Event "GAMMA Reykjavik Open 2019"]
[Site "Reykjavik ISL"]
[Date "2019.04.08"]
[Round "1.77"]
[White "Seshadri, Sridhar"]
[Black "Hosdurga, Chirag"]
[Result "0-1"]
[WhiteElo "1603"]
[BlackElo "1941"]
[WhiteFideId "30913942"]
[BlackFideId "438189"]
[EventDate "2019.04.08"]

1. b4 d5 2. Bb2 Nf6 3. Nf3 e6 4. a3 Nbd7 5. e3 Be7 6. Be2 O-O 7. O-O c5 8. c3 b6
9. d4 c4 10. Nbd2 Qc7 11. h3 Bb7 12. Qc2 b5 13. Rfe1 Ne4 14. Nxe4 dxe4 15. Nd2
f5 16. a4 a6 17. axb5 axb5 18. Rxa8 Rxa8 19. Ra1 Qb8 20. Nf1 Nb6 21. Qc1 Na4 22.
Bd1 Bd5 23. Bxa4 bxa4 24. Ra3 Qb5 25. Qc2 Bc6 26. Bc1 Qd5 27. Bd2 Rf8 28. Nh2
Bd6 29. Nf1 Bc7 30. Qd1 Rf6 31. g3 Rh6 32. Rxa4 Bxa4 33. Qxa4 Rf6 34. Be1 Rf8
35. Nd2 Ra8 36. Qd1 Ra3 37. Kh2 h6 38. Qe2 Ra1 39. Kg2 Rc1 40. Kf1 Rxc3 41. Nxe4
Qxe4 42. Qb2 Rc2 0-1

[Event "GAMMA Reykjavik Open 2019"]
[Site "Reykjavik ISL"]
[Date "2019.04.08"]
[Round "1.78"]
[White "Baldvinsson, Loftur"]
[Black "Aasen, Fredrik"]
[Result "1-0"]
[WhiteElo "1938"]
[BlackElo "1596"]
[WhiteFideId "2301261"]
[BlackFideId "1539060"]
[EventDate "2019.04.08"]

1. e4 d6 2. d4 Nf6 3. Nc3 g6 4. Bd3 Bg7 5. Bg5 c6 6. Qd2 h6 7. Bh4 b5 8. f4 a5
9. e5 dxe5 10. fxe5 Nd5 11. Ne4 Nb4 12. Nd6+ Kf8 13. Qf2 Nxd3+ 14. cxd3 f6 15.
exf6 exf6 16. Ne4 Kf7 17. Ne2 Rf8 18. O-O g5 19. Bg3 Kg8 20. Rac1 Bb7 21. Nd6
Qd7 22. d5 Ba6 23. dxc6 Nxc6 24. Qb6 Ne5 25. Rc7 Qg4 26. Nf5 Rf7 27. Rxf7 Nxf7
28. Nxg7 Qxe2 29. Qxf6 Ra7 30. Ne6 Nh8 31. Be5 Qe3+ 32. Kh1 Rf7 33. Qxh8# 1-0

[Event "GAMMA Reykjavik Open 2019"]
[Site "Reykjavik ISL"]
[Date "2019.04.08"]
[Round "1.79"]
[White "Haile, Batel Goitom"]
[Black "Akeya-Price, Robert"]
[Result "1/2-1/2"]
[WhiteElo "1582"]
[BlackElo "1931"]
[WhiteFideId "2315190"]
[BlackFideId "430510"]
[EventDate "2019.04.08"]

1. d4 Nf6 2. c4 e6 3. Nc3 Bb4 4. Bd2 c5 5. Nf3 cxd4 6. Nxd4 b6 7. Nc2 Bc5 8. b4
Be7 9. e4 Bb7 10. f3 d6 11. Be3 O-O 12. Be2 Nc6 13. a3 Rc8 14. f4 Nb8 15. Qd4
Ba6 16. b5 Bb7 17. Nb4 Qc7 18. O-O d5 19. exd5 Bc5 20. Qd2 exd5 21. Ncxd5 Nxd5
22. cxd5 Bxe3+ 23. Qxe3 Qc5 24. Qxc5 Rxc5 25. Rac1 Rfc8 26. Nc6 Re8 27. Rxc5
bxc5 28. Bf3 Nd7 29. Nxa7 Ra8 30. Nc6 Rxa3 1/2-1/2

[Event "GAMMA Reykjavik Open 2019"]
[Site "Reykjavik ISL"]
[Date "2019.04.08"]
[Round "1.81"]
[White "Jensson, Erlingur"]
[Black "Valtysson, Thor"]
[Result "1-0"]
[WhiteElo "1559"]
[BlackElo "1915"]
[WhiteFideId "2303019"]
[BlackFideId "2301903"]
[EventDate "2019.04.08"]

1. d4 d5 2. c4 c6 3. Nf3 Nf6 4. Nc3 e6 5. Bg5 Be7 6. e3 Nbd7 7. Qc2 O-O 8. a3 a5
9. c5 Nh5 10. Bxe7 Qxe7 11. Be2 Nhf6 12. Nd2 e5 13. O-O-O e4 14. Na4 Qd8 15. Kb1
Ne8 16. g4 f5 17. gxf5 Rxf5 18. f4 Rf8 19. h4 Kh8 20. Rdg1 Rf6 21. Nc3 Nf8 22.
Ka1 Bf5 23. h5 h6 24. Na4 Nd7 25. Nf1 Rb8 26. Ng3 Be6 27. Rh2 Qe7 28. Qd2 Ra8
29. Nh1 Qf8 30. Nf2 Rf7 31. Bg4 Bxg4 32. Rxg4 Rf5 33. Qd1 Qf7 34. Rg3 Rb8 35.
Rgh3 b6 36. cxb6 Nxb6 37. Nc5 Nc4 38. Ng4 Rb5 39. Ka2 Qf8 40. b3 Nb6 41. Ne5 Kh7
42. Qg4 Kg8 43. Nxc6 Rf6 44. Ne5 Qd6 45. Rg3 Na8 46. Rhg2 Qe7 47. Qc8 Nc7 48.
Rxg7+ Qxg7 49. Rxg7+ Kxg7 50. Qg4+ Kh7 51. Ncd7 Ra6 52. Nf8+ Kh8 53. Nf7# 1-0

[Event "GAMMA Reykjavik Open 2019"]
[Site "Reykjavik ISL"]
[Date "2019.04.08"]
[Round "1.82"]
[White "Sikkel, Dirk"]
[Black "Davidsson, Stefan Orri"]
[Result "1-0"]
[WhiteElo "1914"]
[BlackElo "1555"]
[WhiteFideId "1050079"]
[BlackFideId "2311399"]
[EventDate "2019.04.08"]

1. e4 c5 2. Nf3 d6 3. Bb5+ Bd7 4. Bxd7+ Nxd7 5. O-O Ngf6 6. Re1 e6 7. b3 Be7 8.
Bb2 O-O 9. c4 a6 10. d4 cxd4 11. Nxd4 Qc7 12. Nc3 Rfd8 13. Qe2 Ne5 14. Rad1 Nc6
15. Nc2 h6 16. Ne3 Nd7 17. Qg4 Bf6 18. Ned5 exd5 19. Nxd5 Nce5 20. Bxe5 Nxe5 21.
Qg3 Qa5 22. Nxf6+ Kh8 23. Nh5 g6 24. Nf6 Kg7 25. Nd5 Qxa2 26. Qc3 Qa3 27. f4 f6
28. fxe5 fxe5 29. Ra1 Qc5+ 30. Qe3 b5 31. Qxc5 dxc5 32. Red1 b4 33. Ra5 1-0

[Event "GAMMA Reykjavik Open 2019"]
[Site "Reykjavik ISL"]
[Date "2019.04.08"]
[Round "1.83"]
[White "Kjartansson, Gudmundur"]
[Black "Stark, Ingo"]
[Result "1-0"]
[WhiteTitle "IM"]
[WhiteElo "2444"]
[BlackElo "2120"]
[WhiteFideId "2301318"]
[BlackFideId "4651413"]
[EventDate "2019.04.08"]

1. c4 Nf6 2. Nc3 e6 3. d4 c5 4. d5 exd5 5. cxd5 Bd6 6. Nf3 O-O 7. Bg5 Re8 8. e3
a6 9. Bd3 h6 10. Bxf6 Qxf6 11. Ne4 Qe7 12. a4 Bc7 13. d6 Ba5+ 14. Kf1 Qf8 15.
Bc2 Nc6 16. Qd3 f5 17. Qc4+ Qf7 18. Qxf7+ Kxf7 19. Bb3+ Kg6 20. Nh4+ Kh5 21.
Nxf5 Rxe4 22. Ng3+ 1-0

[Event "GAMMA Reykjavik Open 2019"]
[Site "Reykjavik ISL"]
[Date "2019.04.08"]
[Round "1.85"]
[White "Gudmundsson, Thordur"]
[Black "Fivelstad, Jon Olav"]
[Result "0-1"]
[WhiteElo "1527"]
[BlackElo "1883"]
[WhiteFideId "2316650"]
[BlackFideId "1510339"]
[EventDate "2019.04.08"]

1. e4 e5 2. Nf3 Nc6 3. Bb5 a6 4. Ba4 Nf6 5. O-O b5 6. Bb3 Be7 7. Re1 d6 8. c3
O-O 9. d3 Nb8 10. Nbd2 Nbd7 11. Nf1 Bb7 12. Ng3 Nc5 13. Bc2 g6 14. b4 Ne6 15.
Bb3 Ng7 16. Bg5 Ng4 17. Bxe7 Qxe7 18. Qd2 Ne6 19. h3 Nf6 20. Ng5 Nf4 21. Ne2
N6h5 22. Nf3 Kh8 23. Nxf4 Nxf4 24. Kh2 Rad8 25. g3 Ne6 26. Qe3 f5 27. exf5 Rxf5
28. Nh4 Rh5 29. Bd1 Rxh4 30. gxh4 Qxh4 31. Qg3 Qf6 32. Bg4 Ng5 33. h4 Nf7 34.
Re3 Nh6 35. Be2 Nf5 36. Qh3 Nxe3 37. fxe3 Qf2+ 0-1

[Event "GAMMA Reykjavik Open 2019"]
[Site "Reykjavik ISL"]
[Date "2019.04.08"]
[Round "1.86"]
[White "Lee, Gudmundur Kristinn"]
[Black "Signyjarson, Arnar Smari"]
[Result "1-0"]
[WhiteElo "1883"]
[BlackElo "1522"]
[WhiteFideId "2303361"]
[BlackFideId "2316340"]
[EventDate "2019.04.08"]

1. e4 e5 2. Nf3 Nc6 3. Bc4 Nf6 4. d3 Bc5 5. Nc3 d6 6. Bg5 h6 7. Bh4 Be6 8. Bb3
Qe7 9. Na4 Bb6 10. Nxb6 axb6 11. c3 b5 12. O-O O-O 13. Re1 Bg4 14. h3 Bxf3 15.
Qxf3 g5 16. Bg3 Kg7 17. Re3 Na5 18. Bc2 b4 19. h4 Qe6 20. hxg5 hxg5 21. Qf5 Qxf5
22. exf5 Nd5 23. Re4 bxc3 24. bxc3 Nxc3 25. Rxe5 Nc6 26. Ree1 Nxa2 27. f4 Nab4
28. Rxa8 Rxa8 29. Bb1 Ra1 30. fxg5 f6 31. g6 Ne5 32. d4 Nec6 33. Be4 Rxe1+ 34.
Bxe1 d5 35. Bb1 Na6 36. Ba2 Ne7 37. g4 b6 38. Kf2 c5 39. Ke3 c4 40. Kf4 Nc6 41.
g5 Nab4 42. gxf6+ Kxf6 43. Bh4+ Kg7 44. Kg5 Nxd4 45. f6+ Kg8 46. f7+ Kg7 47. Bg3
Nbc6 48. Bd6 Ne6+ 49. Kf5 Ncd8 50. Be5+ Kf8 51. Kf6 1-0

[Event "GAMMA Reykjavik Open 2019"]
[Site "Reykjavik ISL"]
[Date "2019.04.08"]
[Round "1.87"]
[White "Jonasson, Hordur"]
[Black "Hentze, Jakob"]
[Result "1/2-1/2"]
[WhiteElo "1518"]
[BlackElo "1878"]
[WhiteFideId "2311224"]
[BlackFideId "16249879"]
[EventDate "2019.04.08"]

1. e4 e5 2. Nf3 Nc6 3. Bb5 a6 4. Ba4 Nf6 5. O-O Be7 6. Re1 d6 7. c3 b5 8. Bc2
O-O 9. h3 Bb7 10. d4 exd4 11. Nxd4 Nxd4 12. cxd4 Re8 13. e5 dxe5 14. dxe5 Qxd1
15. Rxd1 Nd5 16. Be4 Rad8 17. Bxd5 Rxd5 18. Rxd5 Bxd5 19. Nc3 Bb7 20. Be3 f6 21.
exf6 Bxf6 22. Rd1 Rd8 23. Rxd8+ Bxd8 24. f3 Bf6 25. a3 Kf7 26. Kf1 a5 27. Bc5
Ke6 28. Kf2 Bc6 29. Ke3 Be5 30. Bd4 Bxd4+ 31. Kxd4 Kd6 32. b4 axb4 33. axb4 1/2-1/2

[Event "GAMMA Reykjavik Open 2019"]
[Site "Reykjavik ISL"]
[Date "2019.04.08"]
[Round "1.88"]
[White "Davidsson, Oskar Vikingur"]
[Black "Nergard, Ole-Kristian"]
[Result "1-0"]
[WhiteElo "1872"]
[BlackElo "1507"]
[WhiteFideId "2310627"]
[BlackFideId "1543156"]
[EventDate "2019.04.08"]

1. e4 c5 2. c3 d5 3. exd5 Nf6 4. c4 e6 5. dxe6 Bxe6 6. Nf3 Nc6 7. Be2 Bd6 8. O-O
O-O 9. d3 Qc7 10. h3 Rad8 11. Nc3 a6 12. a3 Ne7 13. Qc2 Ng6 14. Ne4 Nh5 15. Nfg5
Nhf4 16. Nxe6 Nxe6 17. Be3 Bh2+ 18. Kh1 f5 19. Nxc5 Nxc5 20. Bxc5 Qxc5 21. Kxh2
Nf4 22. Kg1 Rfe8 23. Bf3 Rxd3 24. Rad1 Nxh3+ 25. Kh1 Rxd1 26. Bxd1 Nxf2+ 27.
Qxf2 Qxf2 28. Rxf2 Re1+ 29. Kh2 Rxd1 30. Rxf5 Rd2 31. b4 Rd3 32. Rc5 Rd7 33. a4
Kf7 34. b5 axb5 35. cxb5 Ke6 36. b6 Rd6 37. a5 Rd3 38. Rc7 Ra3 39. Rxb7 Rxa5 40.
Rxg7 Rb5 41. b7 h6 42. Kh3 Kf6 43. Rc7 Rb4 44. Kg3 Kg5 45. Kf3 h5 46. Ke3 Rb1
47. g3 Kg4 48. Rg7+ Kh3 49. Kd4 Rb2 50. Ke5 Rxb7 51. Rxb7 Kxg3 52. Kd4 h4 53.
Ke3 h3 54. Rg7+ 1-0

[Event "GAMMA Reykjavik Open 2019"]
[Site "Reykjavik ISL"]
[Date "2019.04.08"]
[Round "1.90"]
[White "Lochte, Szilvia"]
[Black "Jonsson, Kristjan Dagur"]
[Result "1-0"]
[WhiteElo "1858"]
[BlackElo "1487"]
[WhiteFideId "708410"]
[BlackFideId "2313413"]
[EventDate "2019.04.08"]

1. c4 Nf6 2. g3 e6 3. Bg2 d5 4. Nf3 c5 5. O-O Nc6 6. cxd5 exd5 7. d4 Bf5 8. Nc3
Be7 9. Bg5 c4 10. Nh4 Bg6 11. Nxg6 hxg6 12. e3 Rh5 13. h4 Ne4 14. Bxe7 Qxe7 15.
Nxe4 dxe4 16. Qg4 Qf6 17. Qxe4+ Kd7 18. Rac1 Rah8 19. Bh3+ Kc7 20. Rxc4 g5 21.
d5 g4 22. dxc6 bxc6 23. Bg2 R8h6 24. Rfc1 Qxb2 25. Rxc6+ Rxc6 26. Qxc6+ Kb8 27.
Qc8# 1-0

[Event "GAMMA Reykjavik Open 2019"]
[Site "Reykjavik ISL"]
[Date "2019.04.08"]
[Round "1.93"]
[White "Sigfusson, Ottar Orn Bergmann"]
[Black "Haraldsson, Leif"]
[Result "0-1"]
[WhiteElo "1434"]
[BlackElo "1851"]
[WhiteFideId "2313057"]
[BlackFideId "1710648"]
[EventDate "2019.04.08"]

1. e4 d6 2. d4 Nd7 3. Nf3 c6 4. Be3 e5 5. c3 h6 6. Qb3 Ngf6 7. Bc4 Qe7 8. Nbd2
Ng4 9. O-O g5 10. h3 Ngf6 11. dxe5 Nxe5 12. Nxe5 dxe5 13. Nf3 g4 14. Nxe5 Qxe5
15. Bxf7+ Ke7 16. Bd4 Qg5 17. e5 Ne4 18. f4 Qh4 19. e6 gxh3 20. Qb4+ Kd8 21.
Bb6+ axb6 22. Qxb6+ Ke7 23. Qc7+ Kf6 24. Qd8+ Be7 25. Qxh8+ Kf5 26. Qe5+ Kg4 27.
Qg7+ Ng5 28. Qd4 Ne4 29. Qd1+ Kf5 30. g4+ Qxg4+ 31. Qxg4+ Kxg4 32. Kh2 Bc5 33.
b4 Bf2 34. Rad1 Rxa2 0-1

[Event "GAMMA Reykjavik Open 2019"]
[Site "Reykjavik ISL"]
[Date "2019.04.08"]
[Round "1.94"]
[White "Finnbogadottir, Tinna Kristin"]
[Black "Thorisson, Benedikt"]
[Result "1-0"]
[WhiteElo "1849"]
[BlackElo "1411"]
[WhiteFideId "2300214"]
[BlackFideId "2314576"]
[EventDate "2019.04.08"]

1. e4 c5 2. c3 d5 3. exd5 Qxd5 4. d4 Nc6 5. Na3 a6 6. Nf3 Bg4 7. Be2 cxd4 8.
cxd4 Bxf3 9. Bxf3 Qd7 10. Be3 Nf6 11. Rc1 Nb4 12. Nc4 Rc8 13. O-O Nbd5 14. Ne5
Qe6 15. Rxc8+ Qxc8 16. Qb3 e6 17. Rc1 Qa8 18. Bg5 Bd6 19. Bxf6 gxf6 20. Bxd5 Qb8
21. Bxe6 fxe5 22. Rc8+ 1-0

[Event "GAMMA Reykjavik Open 2019"]
[Site "Reykjavik ISL"]
[Date "2019.04.08"]
[Round "1.95"]
[White "Stefansson, Benedikt"]
[Black "Agustsson, Hafsteinn"]
[Result "0-1"]
[WhiteElo "1395"]
[BlackElo "1842"]
[WhiteFideId "2312379"]
[BlackFideId "2302047"]
[EventDate "2019.04.08"]

1. e4 c5 2. Nf3 Nc6 3. d4 cxd4 4. Nxd4 Nf6 5. Nc3 e5 6. Ndb5 d6 7. Bg5 a6 8. Na3
b5 9. Bxf6 gxf6 10. Nd5 f5 11. Qf3 Nd4 12. Qe3 Bg7 13. c3 f4 14. Qd3 Ne6 15. g3
Bb7 16. b4 O-O 17. Bh3 Bxd5 18. exd5 e4 19. Qc2 Ng5 20. Bf5 Qf6 21. gxf4 Nf3+
22. Ke2 Qxf5 23. Rad1 Rac8 24. Nb1 Qxf4 25. h3 Nd4+ 0-1

[Event "GAMMA Reykjavik Open 2019"]
[Site "Reykjavik ISL"]
[Date "2019.04.08"]
[Round "1.96"]
[White "Williams, Mike"]
[Black "Gunnarsson, Baltasar Mani Wedhol"]
[Result "1-0"]
[WhiteElo "1837"]
[BlackElo "1357"]
[WhiteFideId "2060396"]
[BlackFideId "2311917"]
[EventDate "2019.04.08"]

1. d4 d5 2. c4 c6 3. Nc3 Nf6 4. Nf3 Bg4 5. cxd5 Nxd5 6. Ne5 Nxc3 7. bxc3 Bf5 8.
Qb3 Be6 9. Qxb7 Nd7 10. Nxc6 Qc8 11. Qxc8+ Rxc8 12. Nxa7 Rxc3 13. Nb5 Rc8 14. e4
g6 15. d5 Bg7 16. Rb1 Bg4 17. f3 Bh5 18. g4 Bxg4 19. fxg4 O-O 20. Bb2 Bxb2 21.
Rxb2 Nf6 22. Bg2 Nxg4 23. O-O Ne3 24. Ra1 Ra8 25. Kf2 Ng4+ 26. Kg3 Ne5 27. Bf1
Ra4 28. Nc3 Ra7 29. Bb5 Rb8 30. Rab1 Rc8 31. Rb3 Rac7 32. Ne2 Ra7 33. a4 f6 34.
Nd4 Nf7 35. Nc6 Rb7 36. Ba6 Rxb3+ 37. Rxb3 Ra8 38. Rb8+ Rxb8 39. Nxb8 Nd6 40.
Bd3 Nb7 41. Nc6 Nc5 42. a5 Kf7 43. a6 Nd7 44. a7 Nb6 45. Ba6 Ke8 46. Bb7 Kd7 47.
a8=Q Nxa8 48. Bxa8 Ke8 49. Nd4 Kf7 50. Kf4 Ke8 51. e5 Kf7 52. Bc6 fxe5+ 53. Kxe5
h6 54. Ne6 Kg8 55. Nd8 h5 56. Ke6 Kf8 57. Bb5 h4 58. Be2 h3 59. Nc6 g5 60. Nxe7
g4 61. Bxg4 Ke8 62. Ng6 Kd8 63. Kf7 Kc7 64. Ke7 1-0

[Event "GAMMA Reykjavik Open 2019"]
[Site "Reykjavik ISL"]
[Date "2019.04.08"]
[Round "1.97"]
[White "Aasen, Alexander"]
[Black "Feuerstein, Mario"]
[Result "0-1"]
[WhiteElo "1291"]
[BlackElo "1833"]
[WhiteFideId "1542400"]
[BlackFideId "356284785"]
[EventDate "2019.04.08"]

1. d4 e6 2. Nf3 f5 3. e3 Nf6 4. Bc4 d5 5. Be2 Bd6 6. O-O O-O 7. Nc3 c6 8. a3 a5
9. h3 Nbd7 10. Ng5 Qe7 11. Nf3 Ne4 12. Nxe4 fxe4 13. Nd2 e5 14. c4 exd4 15. exd4
Qh4 16. Qb3 Nf6 17. c5 Bc7 18. Nb1 a4 19. Qe3 h6 20. g4 Nh7 21. Kg2 Ng5 22. Nd2
Rf3 23. Nxf3 Qxh3+ 24. Kg1 exf3 25. Qe5 Qg2# 0-1